000 00576nam a2200193Ia 4500
003 GCL
008 140319s9999 xx 000 0 ara d
040 _aGCL /
_cGCL
082 0 4 _a896
_bو ن
100 1 _aواثيونغو , نغوجى
245 1 0 _aالنهر الفاضل /
_cواثيونغو , نغوجى
700 1 _aعبدالله ضبيحى
300 _a211 ص
490 _a
650 0 4 _aالادب الافريقى المترجم
650 0 4 _aالادب الكينى المترجم
650 0 4 _aالقصص الكنية المترجمة
942 _2ddc
_cBK
999 _c40497
_d40497